<?xml version="1.0" encoding="UTF-8"?>
<record
    xmlns:xsi="http://www.w3.org/2001/XMLSchema-instance"
    xsi:schemaLocation="http://www.loc.gov/MARC21/slim http://www.loc.gov/standards/marcxml/schema/MARC21slim.xsd"
    xmlns="http://www.loc.gov/MARC21/slim">

  <leader>06293namaa22004331i 4500</leader>
  <controlfield tag="003">EG-GICUC</controlfield>
  <controlfield tag="005">20260502094630.0</controlfield>
  <controlfield tag="008">260502s2025    ua a|||frm||| 000 0 eng d</controlfield>
  <datafield tag="040" ind1=" " ind2=" ">
    <subfield code="a">EG-GICUC</subfield>
    <subfield code="b">eng</subfield>
    <subfield code="c">EG-GICUC</subfield>
    <subfield code="d">EG-GICUC</subfield>
    <subfield code="e">rda</subfield>
  </datafield>
  <datafield tag="041" ind1="0" ind2=" ">
    <subfield code="a">eng</subfield>
    <subfield code="b">eng</subfield>
    <subfield code="b">ara</subfield>
  </datafield>
  <datafield tag="049" ind1=" " ind2=" ">
    <subfield code="a">Deposit</subfield>
  </datafield>
  <datafield tag="082" ind1="0" ind2="4">
    <subfield code="a">368.2</subfield>
  </datafield>
  <datafield tag="092" ind1=" " ind2=" ">
    <subfield code="a">368.2</subfield>
    <subfield code="2">21</subfield>
  </datafield>
  <datafield tag="097" ind1=" " ind2=" ">
    <subfield code="a">M.Sc</subfield>
  </datafield>
  <datafield tag="099" ind1=" " ind2=" ">
    <subfield code="a">Cai01.05.03.M.Sc.2025.Sa.A</subfield>
  </datafield>
  <datafield tag="100" ind1="0" ind2=" ">
    <subfield code="a">Sarah Ali Ahmed Hamed,</subfield>
    <subfield code="e">preparation.</subfield>
  </datafield>
  <datafield tag="245" ind1="1" ind2="3">
    <subfield code="a">An Analytical Study of the Marine Liability Risks  of Protection and Indemnity Clubs  (P&amp;I Clubs) /</subfield>
    <subfield code="c">by Sarah Ali Ahmed Hamed ; Supervised Prof. Mohamed Abdel Moneim Gouda, Dr. Asmaa Mohamed Hussein. </subfield>
  </datafield>
  <datafield tag="246" ind1="1" ind2="5">
    <subfield code="a">&#x62F;&#x631;&#x627;&#x633;&#x629; &#x62A;&#x62D;&#x644;&#x64A;&#x644;&#x64A;&#x629; &#x644;&#x645;&#x62E;&#x627;&#x637;&#x631; &#x627;&#x644;&#x645;&#x633;&#x626;&#x648;&#x644;&#x64A;&#x629; &#x627;&#x644;&#x628;&#x62D;&#x631;&#x64A;&#x629; &#x644;&#x62F;&#x649; &#x623;&#x646;&#x62F;&#x64A;&#x629; &#x627;&#x644;&#x62D;&#x645;&#x627;&#x64A;&#x629; &#x648;&#x627;&#x644;&#x62A;&#x639;&#x648;&#x64A;&#x636; (P&amp;I Clubs)</subfield>
  </datafield>
  <datafield tag="264" ind1=" " ind2="0">
    <subfield code="c">2025.</subfield>
  </datafield>
  <datafield tag="300" ind1=" " ind2=" ">
    <subfield code="a">172 Leaves : </subfield>
    <subfield code="b">illustrations ;</subfield>
    <subfield code="c">30 cm. + </subfield>
    <subfield code="e">CD.</subfield>
  </datafield>
  <datafield tag="336" ind1=" " ind2=" ">
    <subfield code="a">text</subfield>
    <subfield code="2">rda content</subfield>
  </datafield>
  <datafield tag="337" ind1=" " ind2=" ">
    <subfield code="a">Unmediated</subfield>
    <subfield code="2">rdamedia</subfield>
  </datafield>
  <datafield tag="338" ind1=" " ind2=" ">
    <subfield code="a">volume</subfield>
    <subfield code="2">rdacarrier</subfield>
  </datafield>
  <datafield tag="502" ind1=" " ind2=" ">
    <subfield code="a"> Thesis (M.Sc)-Cairo University, 2025.</subfield>
  </datafield>
  <datafield tag="504" ind1=" " ind2=" ">
    <subfield code="a">Bibliography: pages 164-168.
</subfield>
  </datafield>
  <datafield tag="520" ind1=" " ind2="3">
    <subfield code="a">In the vast and complex realm of maritime commerce, where massive vessels carry invaluable cargo across unpredictable seas, creating a complex landscape of risk that demands sophisticated risk management approaches. This study examines marine liability risks and their insurance form and mechanisms while developing a flexible modeling tool for predicting claim arrivals of claim events.
This thesis examines marine liability risks and their insurance mechanisms while developing a flexible forecasting model for claim arrivals that can function effectively with limited historical data. The study provides comprehensive comparative analysis of market insurance and Protection &amp; Indemnity (P&amp;I) Clubs, revealing how these distinct mechanisms address different liability categories through complementary coverage structures. Further analysis investigates the establishment patterns of P&amp;I Clubs across international and national contexts, extracting lessons from successful implementations.
To represent the temporal dynamics in a flexible framework, both homogeneous and non-homogeneous Poisson process models are employed. The non-homogeneous model with Gaussian kernel estimation proved to be a robust approach in comparison to constant-intensity homogeneous specification. A further analysis involved comparing model performance under independence and time-varying intensity assumptions, in which the non-homogeneous specification with weekly-scale kernel smoothing demonstrated superior forecasting capability. The model successfully validated through Anderson-Darling and Kolmogorov-Smirnov tests while requiring minimal input data. The comparative analysis demonstrates that market insurance provides limited collision liability coverage with extensive exclusions, while P&amp;I Clubs offer comprehensive protection for third-party liabilities. Analysis of P&amp;I Club development patterns indicates that successful establishments emerge from genuine market needs and grow through demonstrated operational value, with national clubs serving underserved segments through local expertise.</subfield>
  </datafield>
  <datafield tag="520" ind1=" " ind2="3">
    <subfield code="a">&#x627;&#x644;&#x63A;&#x631;&#x636; - &#x62A;&#x647;&#x62F;&#x641; &#x647;&#x630;&#x647; &#x627;&#x644;&#x62F;&#x631;&#x627;&#x633;&#x629; &#x625;&#x644;&#x649; &#x62A;&#x62D;&#x644;&#x64A;&#x644; &#x645;&#x62E;&#x627;&#x637;&#x631; &#x627;&#x644;&#x645;&#x633;&#x624;&#x648;&#x644;&#x64A;&#x629; &#x627;&#x644;&#x628;&#x62D;&#x631;&#x64A;&#x629; &#x648;&#x622;&#x644;&#x64A;&#x627;&#x62A; &#x62A;&#x623;&#x645;&#x64A;&#x646;&#x647;&#x627;&#x60C; &#x645;&#x639; &#x62A;&#x637;&#x648;&#x64A;&#x631; &#x646;&#x645;&#x648;&#x630;&#x62C; &#x62A;&#x646;&#x628;&#x624;&#x64A; &#x645;&#x631;&#x646; &#x644;&#x62A;&#x642;&#x62F;&#x64A;&#x631; &#x648;&#x635;&#x648;&#x644; &#x627;&#x644;&#x645;&#x637;&#x627;&#x644;&#x628;&#x627;&#x62A;. &#x643;&#x645;&#x627; &#x62A;&#x62A;&#x646;&#x627;&#x648;&#x644; &#x627;&#x644;&#x62F;&#x631;&#x627;&#x633;&#x629; &#x623;&#x646;&#x645;&#x627;&#x637; &#x62A;&#x623;&#x633;&#x64A;&#x633; &#x623;&#x646;&#x62F;&#x64A;&#x629; &#x627;&#x644;&#x62D;&#x645;&#x627;&#x64A;&#x629; &#x648;&#x627;&#x644;&#x62A;&#x639;&#x648;&#x64A;&#x636; (P&amp;I Clubs) &#x639;&#x644;&#x649; &#x627;&#x644;&#x645;&#x633;&#x62A;&#x648;&#x64A;&#x64A;&#x646; &#x627;&#x644;&#x62F;&#x648;&#x644;&#x64A; &#x648;&#x627;&#x644;&#x648;&#x637;&#x646;&#x64A;&#x60C; &#x645;&#x633;&#x62A;&#x62E;&#x644;&#x635;&#x629;&#x64B; &#x627;&#x644;&#x62F;&#x631;&#x648;&#x633; &#x627;&#x644;&#x62A;&#x64A; &#x64A;&#x645;&#x643;&#x646; &#x62A;&#x637;&#x628;&#x64A;&#x642;&#x647;&#x627; &#x641;&#x64A; &#x62A;&#x637;&#x648;&#x64A;&#x631; &#x623;&#x646;&#x62F;&#x64A;&#x629; &#x625;&#x642;&#x644;&#x64A;&#x645;&#x64A;&#x629;.
&#x627;&#x644;&#x62A;&#x635;&#x645;&#x64A;&#x645; / &#x627;&#x644;&#x645;&#x646;&#x647;&#x62C;&#x64A;&#x629; / &#x627;&#x644;&#x646;&#x647;&#x62C; &#x2013; &#x627;&#x633;&#x62A;&#x646;&#x62F;&#x62A; &#x627;&#x644;&#x62F;&#x631;&#x627;&#x633;&#x629; &#x625;&#x644;&#x649; &#x628;&#x64A;&#x627;&#x646;&#x627;&#x62A; &#x627;&#x644;&#x645;&#x62C;&#x645;&#x648;&#x639;&#x629; &#x627;&#x644;&#x62F;&#x648;&#x644;&#x64A;&#x629; &#x644;&#x623;&#x646;&#x62F;&#x64A;&#x629; &#x627;&#x644;&#x62D;&#x645;&#x627;&#x64A;&#x629; &#x648;&#x627;&#x644;&#x62A;&#x639;&#x648;&#x64A;&#x636;&#x60C; &#x648;&#x627;&#x644;&#x62A;&#x64A; &#x62A;&#x63A;&#x637;&#x64A; 1,046 &#x62D;&#x627;&#x62F;&#x62B;&#x629; &#x639;&#x644;&#x649; &#x645;&#x62F;&#x649; &#x639;&#x634;&#x631;&#x64A;&#x646; &#x639;&#x627;&#x645;&#x627;&#x64B; (1999&#x2013;2019). &#x648;&#x62A;&#x645; &#x62A;&#x637;&#x628;&#x64A;&#x642; &#x646;&#x645;&#x627;&#x630;&#x62C; &#x639;&#x645;&#x644;&#x64A;&#x627;&#x62A; &#x628;&#x648;&#x627;&#x633;&#x648;&#x646; &#x627;&#x644;&#x645;&#x62A;&#x62C;&#x627;&#x646;&#x633;&#x629; &#x648;&#x63A;&#x64A;&#x631; &#x627;&#x644;&#x645;&#x62A;&#x62C;&#x627;&#x646;&#x633;&#x629; &#x644;&#x62A;&#x62D;&#x644;&#x64A;&#x644; &#x648;&#x635;&#x648;&#x644; &#x627;&#x644;&#x645;&#x637;&#x627;&#x644;&#x628;&#x627;&#x62A;&#x60C; &#x625;&#x644;&#x649; &#x62C;&#x627;&#x646;&#x628; &#x627;&#x633;&#x62A;&#x62E;&#x62F;&#x627;&#x645; &#x62A;&#x642;&#x62F;&#x64A;&#x631; &#x627;&#x644;&#x646;&#x648;&#x627;&#x629; &#x63A;&#x627;&#x648;&#x633; &#x63A;&#x64A;&#x631; &#x628;&#x627;&#x631;&#x645;&#x62A;&#x631;&#x64A; (non-parametric Gaussian kernel estimation) &#x648;&#x627;&#x644;&#x646;&#x645;&#x648;&#x630;&#x62C; &#x627;&#x644;&#x62E;&#x637;&#x64A; &#x627;&#x644;&#x644;&#x648;&#x63A;&#x627;&#x631;&#x64A;&#x62A;&#x645;&#x64A; &#x628;&#x627;&#x631;&#x627;&#x645;&#x64A;&#x62A;&#x631;&#x649; (parametric log-linear specifications). &#x643;&#x645;&#x627; &#x62C;&#x631;&#x649; &#x627;&#x644;&#x62A;&#x62D;&#x642;&#x642; &#x645;&#x646; &#x635;&#x644;&#x627;&#x62D;&#x64A;&#x629; &#x627;&#x644;&#x646;&#x645;&#x627;&#x630;&#x62C; &#x625;&#x62D;&#x635;&#x627;&#x626;&#x64A;&#x627;&#x64B; &#x628;&#x627;&#x633;&#x62A;&#x62E;&#x62F;&#x627;&#x645; &#x627;&#x62E;&#x62A;&#x628;&#x627;&#x631;&#x627;&#x62A; &#x623;&#x646;&#x62F;&#x631;&#x633;&#x648;&#x646;&#x2013;&#x62F;&#x627;&#x631;&#x644;&#x64A;&#x646;&#x63A; &#x648;&#x643;&#x648;&#x644;&#x645;&#x648;&#x63A;&#x648;&#x631;&#x648;&#x641;&#x2013;&#x633;&#x645;&#x64A;&#x631;&#x646;&#x648;&#x641;.
&#x627;&#x644;&#x646;&#x62A;&#x627;&#x626;&#x62C; - &#x623;&#x638;&#x647;&#x631;&#x62A; &#x627;&#x644;&#x646;&#x62A;&#x627;&#x626;&#x62C; &#x623;&#x646; &#x645;&#x637;&#x627;&#x644;&#x628;&#x627;&#x62A; &#x627;&#x644;&#x645;&#x633;&#x624;&#x648;&#x644;&#x64A;&#x629; &#x627;&#x644;&#x628;&#x62D;&#x631;&#x64A;&#x629; &#x62A;&#x62A;&#x628;&#x639; &#x639;&#x645;&#x644;&#x64A;&#x629; &#x628;&#x648;&#x627;&#x633;&#x648;&#x646; &#x63A;&#x64A;&#x631; &#x645;&#x62A;&#x62C;&#x627;&#x646;&#x633;&#x629; &#x630;&#x627;&#x62A; &#x634;&#x62F;&#x629; &#x645;&#x62A;&#x646;&#x627;&#x642;&#x635;&#x629; &#x645;&#x639; &#x627;&#x644;&#x632;&#x645;&#x646;. &#x648;&#x642;&#x62F;&#x651;&#x645; &#x62A;&#x642;&#x62F;&#x64A;&#x631; &#x627;&#x644;&#x646;&#x648;&#x627;&#x629; &#x63A;&#x627;&#x648;&#x633; &#x623;&#x62F;&#x627;&#x621;&#x64B; &#x62A;&#x641;&#x648;&#x642; &#x627;&#x644;&#x646;&#x645;&#x627;&#x630;&#x62C; &#x627;&#x644;&#x623;&#x62E;&#x631;&#x649;&#x60C; &#x645;&#x639; &#x646;&#x62C;&#x627;&#x62D; &#x627;&#x644;&#x62A;&#x62D;&#x642;&#x642; &#x627;&#x644;&#x625;&#x62D;&#x635;&#x627;&#x626;&#x64A; &#x648;&#x627;&#x639;&#x62A;&#x645;&#x627;&#x62F;&#x647; &#x639;&#x644;&#x649; &#x62D;&#x62F; &#x623;&#x62F;&#x646;&#x649; &#x645;&#x646; &#x627;&#x644;&#x628;&#x64A;&#x627;&#x646;&#x627;&#x62A;.
&#x627;&#x644;&#x623;&#x635;&#x627;&#x644;&#x629; / &#x627;&#x644;&#x642;&#x64A;&#x645;&#x629; / &#x627;&#x644;&#x645;&#x633;&#x627;&#x647;&#x645;&#x629; - &#x62A;&#x639;&#x62A;&#x628;&#x631; &#x647;&#x630;&#x647; &#x627;&#x644;&#x62F;&#x631;&#x627;&#x633;&#x629;&#x60C; &#x62D;&#x633;&#x628; &#x639;&#x644;&#x645; &#x627;&#x644;&#x628;&#x627;&#x62D;&#x62B;&#x60C; &#x623;&#x648;&#x644; &#x628;&#x62D;&#x62B; &#x62A;&#x62C;&#x631;&#x64A;&#x628;&#x64A; &#x64A;&#x642;&#x648;&#x645; &#x628;&#x645;&#x642;&#x627;&#x631;&#x646;&#x629; &#x645;&#x646;&#x647;&#x62C;&#x64A;&#x629; &#x628;&#x64A;&#x646; &#x627;&#x644;&#x62A;&#x623;&#x645;&#x64A;&#x646; &#x627;&#x644;&#x628;&#x62D;&#x631;&#x64A; &#x627;&#x644;&#x62A;&#x62C;&#x627;&#x631;&#x64A; &#x648;&#x62A;&#x63A;&#x637;&#x64A;&#x627;&#x62A; &#x623;&#x646;&#x62F;&#x64A;&#x629; &#x627;&#x644;&#x62D;&#x645;&#x627;&#x64A;&#x629; &#x648;&#x627;&#x644;&#x62A;&#x639;&#x648;&#x64A;&#x636;&#x60C; &#x648;&#x64A;&#x637;&#x648;&#x651;&#x631; &#x646;&#x645;&#x648;&#x630;&#x62C;&#x627;&#x64B; &#x62A;&#x646;&#x628;&#x624;&#x64A; &#x642;&#x627;&#x62F;&#x631;&#x64B;&#x627; &#x639;&#x644;&#x649; &#x627;&#x644;&#x639;&#x645;&#x644; &#x628;&#x641;&#x639;&#x627;&#x644;&#x64A;&#x629; &#x645;&#x639; &#x62D;&#x62F; &#x623;&#x62F;&#x646;&#x649; &#x645;&#x646; &#x627;&#x644;&#x628;&#x64A;&#x627;&#x646;&#x627;&#x62A;&#x60C; &#x643;&#x645;&#x627; &#x64A;&#x62D;&#x644;&#x644; &#x623;&#x646;&#x645;&#x627;&#x637; &#x62A;&#x623;&#x633;&#x64A;&#x633; &#x627;&#x644;&#x623;&#x646;&#x62F;&#x64A;&#x629; &#x639;&#x644;&#x649; &#x627;&#x644;&#x645;&#x633;&#x62A;&#x648;&#x64A;&#x64A;&#x646; &#x627;&#x644;&#x62F;&#x648;&#x644;&#x64A; &#x648;&#x627;&#x644;&#x645;&#x62D;&#x644;&#x64A;.</subfield>
  </datafield>
  <datafield tag="530" ind1=" " ind2=" ">
    <subfield code="a">Issues also as CD.</subfield>
  </datafield>
  <datafield tag="546" ind1=" " ind2=" ">
    <subfield code="a">Text in English and abstract in Arabic &amp; English.</subfield>
  </datafield>
  <datafield tag="650" ind1=" " ind2="0">
    <subfield code="a">Marine insurance</subfield>
  </datafield>
  <datafield tag="650" ind1=" " ind2="0">
    <subfield code="a">&#x627;&#x644;&#x62A;&#x623;&#x645;&#x64A;&#x646; &#x627;&#x644;&#x628;&#x62D;&#x631;&#x64A;</subfield>
  </datafield>
  <datafield tag="653" ind1=" " ind2="1">
    <subfield code="a">Marine Liability Risks</subfield>
    <subfield code="a">P&amp;I Clubs</subfield>
    <subfield code="a">IGP&amp;I Clubs,</subfield>
    <subfield code="a">Homogenous Poisson Process</subfield>
    <subfield code="a">Nonhomogeneous Poisson Process</subfield>
    <subfield code="a">Modeling arrival of claim events</subfield>
    <subfield code="a">&#x645;&#x62E;&#x627;&#x637;&#x631; &#x627;&#x644;&#x645;&#x633;&#x624;&#x648;&#x644;&#x64A;&#x629; &#x627;&#x644;&#x628;&#x62D;&#x631;&#x64A;&#x629;</subfield>
    <subfield code="a">&#x623;&#x646;&#x62F;&#x64A;&#x629; &#x627;&#x644;&#x62D;&#x645;&#x627;&#x64A;&#x629; &#x648;&#x627;&#x644;&#x62A;&#x639;&#x648;&#x64A;&#x636;</subfield>
  </datafield>
  <datafield tag="700" ind1="0" ind2=" ">
    <subfield code="a">Mohamed Abdel Moneim Gouda,</subfield>
    <subfield code="e">thesis advisor.</subfield>
  </datafield>
  <datafield tag="700" ind1="0" ind2=" ">
    <subfield code="a"> Asmaa Mohamed Hussein. </subfield>
    <subfield code="e">thesis advisor.</subfield>
  </datafield>
  <datafield tag="900" ind1=" " ind2=" ">
    <subfield code="b">01-01-2025.</subfield>
    <subfield code="c">Mohamed Abdel Moneim Gouda</subfield>
    <subfield code="c">Asmaa Mohamed Hussein</subfield>
    <subfield code="U">Cairo University</subfield>
    <subfield code="F">Faculty of  Commerce </subfield>
    <subfield code="D">Department of Insurance and Actuarial Sciences </subfield>
  </datafield>
  <datafield tag="905" ind1=" " ind2=" ">
    <subfield code="a">Shimaa</subfield>
  </datafield>
  <datafield tag="942" ind1=" " ind2=" ">
    <subfield code="2">ddc</subfield>
    <subfield code="c">TH</subfield>
    <subfield code="e">21</subfield>
    <subfield code="n">0</subfield>
  </datafield>
  <datafield tag="999" ind1=" " ind2=" ">
    <subfield code="c">179884</subfield>
  </datafield>
  <datafield tag="952" ind1=" " ind2=" ">
    <subfield code="2">ddc</subfield>
    <subfield code="9">317504</subfield>
    <subfield code="a">CUCL</subfield>
    <subfield code="b">cl210</subfield>
    <subfield code="d">2026-05-02</subfield>
    <subfield code="i">93934</subfield>
    <subfield code="o">Cai01.05.03.M.Sc.2025.Sa.A</subfield>
    <subfield code="p">01010110093934000</subfield>
    <subfield code="r">2026-05-02 08:46:59</subfield>
    <subfield code="w">2026-05-02</subfield>
    <subfield code="y">TH</subfield>
  </datafield>
</record>
